Educación superior, demandas sociales, productivas y mercado de trabajo (Registro nro. 6155)

Detalles MARC
000 -LEADER
fixed length control field 02136 a2200229 4500
001 - CONTROL NUMBER
control field 57163
005 - DATE AND TIME OF LATEST TRANSACTION
control field 20260407155834.0
008 - FIXED-LENGTH DATA ELEMENTS--GENERAL INFORMATION
fixed length control field 260407a2003 arg spa d
003 - CONTROL NUMBER IDENTIFIER
control field AR-UNSa-BCEJYS
040 ## - CATALOGING SOURCE
Original cataloging agency AR-UNSa-BCEJYS
Language of cataloging spa
Transcribing agency AR-UNSa-BCEJYS
080 ## - UNIVERSAL DECIMAL CLASSIFICATION NUMBER
Universal Decimal Classification number 378
Common auxiliary subdivision Enseñanza superior. Universidades. Escuelas especiales
020 ## - INTERNATIONAL STANDARD BOOK NUMBER
International Standard Book Number 84-95294-53-2
041 ## - LANGUAGE CODE
Language code of text/sound track or separate title spa
100 1# - MAIN ENTRY--PERSONAL NAME
Personal name Riquelme, Garciela C.
245 10 - TITLE STATEMENT
Title Educación superior, demandas sociales, productivas y mercado de trabajo
264 #1 - PRODUCTION, PUBLICATION, DISTRIBUTION, MANUFACTURE, AND COPYRIGHT NOTICE
Place of production, publication, distribution, manufacture Buenos Aires :
Name of producer, publisher, distributor, manufacturer Miño y Dávila
Date of production, publication, distribution, manufacture, or copyright notice 2003
300 ## - PHYSICAL DESCRIPTION
Extent 324 p.
Dimensions 21 cm.
505 ## - FORMATTED CONTENTS NOTE
Formatted contents note Primera parte: Aportes teóricos metodológicos y experiencias en investigación, transferencia y asistencia técnica: 1. Los antecedentes de una primera encuesta sobre la inserción de jóvenes universitarios en el mundo del trabajo, la relación estudio – trabajo y las expectativas sobre la vida profesional (1985) – 2. Propuesta de una metodología de evaluación de la demanda externa para una universidad en el marco de la integración sub-regional: el caso de la UNaM 1995 – 3. Una revisión de los abordajes y metodologías de diagnóstico y operaciones en el campo de las demandas a la educación superior: el caso del CPRES-Metropolitano. 1997 – 4. Las experiencias pilotos como modelos de innovación: un ejercicio para la creación de instituciones de educación superior – Segunda parte: Una década explosiva en la educación superior: diversificación regulada o hiper-institucionalización: 5. La educación superior no universitaria argentina en los ´90 – 6. La explosión institucional de la educación superior en los ´90 – Tercera parte: Mercado de trabajo, sistema productivo y educación superior: 7. Las demandas implícitas y6 explicitas a la educación superior y a los graduados universitarios y técnicos – 8. Mercado de trabajo de estudiantes y graduados de la educación superior universitaria y no universitaria en los ´90
590 ## - LOCAL NOTE (RLIN)
Local note niveau_biblio:m niveau_hierar:0
856 41 - ELECTRONIC LOCATION AND ACCESS
Uniform Resource Identifier <a href="https://biblioeco.unsa.edu.ar/pmb/images/libros/L128733.jpg">https://biblioeco.unsa.edu.ar/pmb/images/libros/L128733.jpg</a>
Link text Imagen de portada
Electronic format type image/jpeg
942 ## - ADDED ENTRY ELEMENTS (KOHA)
Koha item type
Existencias
Withdrawn status Lost status Damaged status Not for loan Home library Current library Shelving location Date acquired Total checkouts Full call number Barcode Date last seen Price effective from Koha item type
        Biblioteca Prof. Eusebio Cleto del Rey Biblioteca Prof. Eusebio Cleto del Rey   07/04/2026   378 R594 L128733 07/04/2026 07/04/2026 Libro